<?xml version="1.0" encoding="UTF-8"?>
<record
    xmlns:xsi="http://www.w3.org/2001/XMLSchema-instance"
    xsi:schemaLocation="http://www.loc.gov/MARC21/slim http://www.loc.gov/standards/marcxml/schema/MARC21slim.xsd"
    xmlns="http://www.loc.gov/MARC21/slim">

  <leader>01018nam a22002417a 4500</leader>
  <controlfield tag="003">OSt</controlfield>
  <controlfield tag="005">20151026133603.0</controlfield>
  <controlfield tag="008">130718s2011    sp ||||| |||| 00| 0 spa d</controlfield>
  <datafield tag="040" ind1=" " ind2=" ">
    <subfield code="c">CDMR</subfield>
  </datafield>
  <datafield tag="100" ind1="1" ind2=" ">
    <subfield code="9">3989</subfield>
    <subfield code="a">Iranzo Mont&#xE9;s, Luis Amador</subfield>
  </datafield>
  <datafield tag="245" ind1="1" ind2="3">
    <subfield code="a">El papel de la prensa diaria durante la transici&#xF3;n a la democracia en Valencia (1976-1982)</subfield>
    <subfield code="c">Luis Amador Iranzo Mont&#xE9;s ; Andreu Mart&#xED;nez Gallego, Xavier Gir&#xF3; (directors)</subfield>
    <subfield code="h">[recurs electr&#xF2;nic]</subfield>
  </datafield>
  <datafield tag="260" ind1=" " ind2=" ">
    <subfield code="a">Valencia</subfield>
    <subfield code="c">2011</subfield>
  </datafield>
  <datafield tag="300" ind1=" " ind2=" ">
    <subfield code="a">715 p.</subfield>
  </datafield>
  <datafield tag="502" ind1=" " ind2=" ">
    <subfield code="a">Tesi defensada el 18 de novembre de 2011,</subfield>
    <subfield code="c">Universitat de Val&#xE8;ncia. Departament de Teoria dels Llenguatges</subfield>
  </datafield>
  <datafield tag="650" ind1="0" ind2="4">
    <subfield code="9">3703</subfield>
    <subfield code="a">Espanya</subfield>
    <subfield code="x">Hist&#xF2;ria</subfield>
    <subfield code="y">1975-1982, Transici&#xF3;</subfield>
  </datafield>
  <datafield tag="650" ind1="0" ind2="4">
    <subfield code="9">3311</subfield>
    <subfield code="a">Premsa</subfield>
    <subfield code="z">Comunitat Valenciana</subfield>
  </datafield>
  <datafield tag="650" ind1="0" ind2="4">
    <subfield code="9">2994</subfield>
    <subfield code="a">Tesis i dissertacions acad&#xE8;miques</subfield>
  </datafield>
  <datafield tag="700" ind1="1" ind2=" ">
    <subfield code="9">3990</subfield>
    <subfield code="a">Mart&#xED;nez Gallego, Andreu</subfield>
  </datafield>
  <datafield tag="700" ind1="1" ind2=" ">
    <subfield code="9">415</subfield>
    <subfield code="a">Gir&#xF3;, Xavier</subfield>
  </datafield>
  <datafield tag="710" ind1="2" ind2=" ">
    <subfield code="9">2837</subfield>
    <subfield code="a">Universitat de Val&#xE8;ncia</subfield>
  </datafield>
  <datafield tag="856" ind1="4" ind2="0">
    <subfield code="u">http://hdl.handle.net/10803/81883</subfield>
    <subfield code="y">Disponible en l&#xED;nia (TDX)</subfield>
  </datafield>
  <datafield tag="942" ind1=" " ind2=" ">
    <subfield code="2">udc</subfield>
    <subfield code="c">TSN-E</subfield>
  </datafield>
  <datafield tag="999" ind1=" " ind2=" ">
    <subfield code="c">6613</subfield>
    <subfield code="d">6613</subfield>
  </datafield>
  <datafield tag="952" ind1=" " ind2=" ">
    <subfield code="0">0</subfield>
    <subfield code="1">0</subfield>
    <subfield code="4">0</subfield>
    <subfield code="7">0</subfield>
    <subfield code="a">CDMR</subfield>
    <subfield code="b">CDMR</subfield>
    <subfield code="d">2013-07-18</subfield>
    <subfield code="l">0</subfield>
    <subfield code="p">CDMR13096929</subfield>
    <subfield code="r">2013-07-18</subfield>
    <subfield code="w">2013-07-18</subfield>
    <subfield code="y">TSN-E</subfield>
    <subfield code="z">Tesi dipositada a TDX (Tesis Doctorals en Xarxa)</subfield>
  </datafield>
</record>
